|
|
|
|
| LEADER |
00000cam a2200000 7i4500 |
| 001 |
0000005180 |
| 005 |
20220105104009.0 |
| 008 |
070802 |
| 020 |
|
|
|a 983274718X(set)
|
| 020 |
|
|
|a 9832747201
|
| 090 |
0 |
0 |
|a JP
|b MOR ENG (5691)
|
| 245 |
0 |
0 |
|a Brave Shahram
|c Editorial Board
|
| 260 |
|
|
|a Selangor :
|b Eduquest ,
|c 2005
|
| 440 |
|
|
|a Fun learning moral stories
|
| 500 |
|
|
|a Children age 4-6 years old (yellow)
|
| 650 |
|
0 |
|a Junior preschool
|x English
|x Languages
|
| 650 |
|
0 |
|a Moral
|
| 999 |
|
|
|a 0000976826
|b Book
|c Children Collection
|e Perbadanan Perpustakaan Awam Johor
|
| 999 |
|
|
|a 0000976828
|b Book
|c Children Collection
|e Perbadanan Perpustakaan Awam Johor
|
| 999 |
|
|
|a 0000976829
|b Book
|c Children Collection
|e Perbadanan Perpustakaan Awam Johor
|
| 999 |
|
|
|a 0000990857
|b Book
|c Children Collection
|e Cawangan Bandar Tenggara
|
| 999 |
|
|
|a 0000990858
|b Book
|c Children Collection
|e Cawangan Pontian
|